| 000 | 00868nam a2200253Ia 4500 | ||
|---|---|---|---|
| 003 | OSt | ||
| 005 | 20220923211544.0 | ||
| 006 | a|||||r|||| 00| 0 | ||
| 007 | ta | ||
| 008 | Pun | ||
| 020 |
_a9789383654239 (hbk) _c150 |
||
| 024 | _a290,287 | ||
| 037 |
_b1001, 31/12/2015, H.K. Prakashan _cTextual |
||
| 040 |
_aARTS _cARTS _bPun |
||
| 041 |
_2Pun _aPun |
||
| 082 | _aO153,1:gN, Q3 | ||
| 100 | _aਢੇਸਾ, ਜਗੀਰ ਸਿੰਘ | ||
| 245 | 0 |
_aਆਧੁਨਿਕ ਪੰਜਾਬੀ ਕਵਿਤਾ _b ਵਿਧਾਨ ਤੇ ਵਿਹਾਰ |
|
| 260 |
_aਸਮਾਣਾ _b ਸੰਗਮ ਪਬਲੀਕੇFਨਗ਼ _c2013 |
||
| 300 |
_a120ਪੰ _ccm. |
||
| 650 | _aਪੰਜਾਬੀ ਸਾਹਿਤ | ||
| 942 |
_hO153,1:gN, Q3 _cTEXL _2CC |
||
| 999 |
_c300725 _d300725 |
||